Justicia penal juvenil en la Ciudad Autónoma de Buenos Aires : doctrina, legislación y jurisprudencia /

Guardado en:
Autor Corporativo: Consejo de la Magistratura de la Ciudad Autónoma de Buenos Aires.
Formato: Desconocido
Idioma:Spanish
Publicado: Ciudad Autónoma de Buenos Aires : Jusbaires, 2016.
Edición:1a. ed.
Series:Colección Institucional
Materias:
Etiquetas: Agregar Etiqueta
Sin Etiquetas, Sea el primero en etiquetar este registro!
LEADER 00687nac a22001695a 4500
001 DER.der014027
008 190910i2016####ag#||||||||||||||#||spa||
005 20240307101134.0
245 1 0 |a Justicia penal juvenil en la Ciudad Autónoma de Buenos Aires :  |b doctrina, legislación y jurisprudencia /  |c Consejo de la Magistratura de la Ciudad Autónoma de Buenos Aires. 
250 |a 1a. ed. 
260 |a Ciudad Autónoma de Buenos Aires :  |b Jusbaires,  |c 2016. 
300 |a 256 p. 
440 0 |a Colección Institucional 
110 2 |a Consejo de la Magistratura de la Ciudad Autónoma de Buenos Aires. 
650 7 |a DERECHO DE MENORES 
650 7 |a DERECHO PENAL 
859 |a DERECHO  |b BIB. DERECHO  |h 345  |i CON  |p 009246